All 1M Cities Starting with “R” to Country - Statistics

General Stats
  • This quiz has been taken 257 times
  • The average score is 13 of 14
Answer Stats
City Country % Correct
Rio de Janeiro Brazil
100%
Rome Italy
100%
Rotterdam Netherlands
98%
Riyadh Saudi Arabia
97%
Richmond United States
97%
Rabat Morocco
95%
Rostov Russia
94%
Raleigh United States
93%
Rosario Argentina
85%
Rizhao China
85%
Recife Brazil
84%
Rawalpindi Pakistan
83%
Ranchi India
81%
Rajkot India
80%
No matching quizzes found
Score Distribution
Percent of People with Each Score
Percentile by Number Answered
Your Score History
You have not taken this quiz